| Tag |
First Indicator |
Second Indicator |
Subfields |
| LEADER |
00000cgm a2200000 a 4500 |
| 001 |
in00000032099 |
| 005 |
20151007055036.0 |
| 007 |
vf cbaho| |
| 008 |
871014p19871950cau085 g 0000vleng d |
| 020 |
|
|
|a 1555263259 :
|c $19.95
|
| 035 |
|
|
|a (OCoLC)16849814
|
| 035 |
|
|
|9 AAB7064AM
|
| 040 |
|
|
|a CLE
|c CLE
|d OCL
|d TXA
|d UtOrBLW
|
| 049 |
|
|
|a TXAV [A10161164]
|
| 090 |
|
|
|a PN 1997
|b .M430 1987
|
| 245 |
0 |
4 |
|a The men /
|c United Artists ; producer, Stanley Kramer ; director, Fred Zinneman ; story and screenplay, Carl Foreman.
|
| 264 |
|
1 |
|a Los Angeles, CA :
|b Republic Pictures Home Video,
|c [1987?]
|
| 300 |
|
|
|a 1 videocassette (85 min.) :
|b sound, b & w ;
|c 1/2 in.
|
| 336 |
|
|
|a two-dimensional moving image
|b tdi
|2 rdacontent
|
| 337 |
|
|
|a video
|b v
|2 rdamedia
|
| 338 |
|
|
|a videocassette
|b vf
|2 rdacarrier
|
| 538 |
|
|
|a VHS.
|
| 511 |
1 |
|
|a Marlon Brando, Teresa Wright, Jack Webb, Verret Sloane, Richard Erdman.
|
| 508 |
|
|
|a Photography, Robert de Grasse ; film editor, Harry Gerstad.
|
| 586 |
|
|
|a National Board of Review Awards '50: 10 Best Films of the Year.
|
| 500 |
|
|
|a Videocassette release of the 1950 motion picture.
|
| 520 |
|
|
|a As a paraplegic World War II veteran, Marlon Brando returns home to face rehabilitation and the reality of his condition.
|
| 500 |
|
|
|a "2710."
|
| 500 |
|
|
|a Videorecording.
|
| 650 |
|
0 |
|a Feature films.
|
| 700 |
1 |
|
|a Brando, Marlon.
|
| 700 |
1 |
|
|a Wright, Teresa,
|d 1918-2005.
|
| 700 |
1 |
|
|a Webb, Jack,
|d 1920-1982.
|
| 710 |
2 |
|
|a United Artists Corporation.
|
| 710 |
2 |
|
|a Republic Pictures Home Video (Firm)
|
| 999 |
|
|
|a MARS
|
| 999 |
f |
f |
|s 42cb97e2-22a0-3c8b-a1f0-c3357300ee29
|i 51348c29-c6c6-336e-9488-330ca5eaa6d4
|t 0
|
| 952 |
f |
f |
|p ric
|a Texas A&M University
|b Rellis Campus
|c Joint Library Facility
|d Remote Storage
|t 0
|e PN1997 .M430 1987
|h Library of Congress classification
|i video -- videocassette
|m A14826967683
|
| 998 |
f |
f |
|a PN1997 .M430 1987
|t 0
|l Remote Storage
|